00400nam a2200133Ia 4500008004100000040001200041050001400053100001700067245006000084260005000144300001600194500001800210504003800228 1966 p er | 1 deng|d aABU, Za aQK 623.A1 aMunk, Anders 0aDanish pyrenomycetes: a preliminary flora.cAnders Munk aCopenhagenbDansk Botanish Arkivc1966 (1957) a491p.: ill. ainclude index ainclude bibliograpical refference